Indovina la regione di queste mete turistiche - Statistics

Statistiche generali
  • Questo quiz è stato fatto 161 volte
  • Il punteggio medio è 14 su 20
Statistiche sulle risposte
Hint Risposta % Corretto
Assisi Umbria
93%
Lago di Como Lombardia
90%
Riccione Emilia-Romagna
89%
Gallipoli Puglia
89%
Cinque Terre Liguria
86%
Tropea Calabria
82%
Forte dei Marmi Toscana
79%
Maratea Basilicata
76%
Lago di Braies Trentino
74%
Lago Maggiore Piemonte
71%
Cortina d'Ampezzo Veneto
67%
Senigaglia Marche
66%
San Vito lo Capo Sicilia
63%
Gaeta Lazio
58%
Termoli Molise
58%
Cervinia Valle d'Aosta
54%
Alba Adriatica Abruzzo
53%
Stintino Sardegna
51%
Palmanova Friuli
48%
Palinuro Campania
45%
Nessun quiz corrispondente trovato
Distribuzione punteggi
Percentuale di utenti per punteggio
Percentile per numero di risposta
I tuoi punteggi nel tempo
Non hai fatto questo quiz